| 000 | 00533nam a22002297a 4500 | ||
|---|---|---|---|
| 003 | UA-OsUOA | ||
| 001 | 64640 | ||
| 007 | ta | ||
| 008 | 20091106b un ||||| |||| 00| 0 ukr d | ||
| 100 | _aKwiczala A. | ||
| 090 | _a908(477.1) | ||
| 942 | _cBK | ||
| 040 |
_aUA-OsUOA _bpol _cUA-OsUOA _dUA-OsUOA |
||
| 245 | _aDzieje Parafii rzymskokatolickiej w Ostrogu na Wolynu (1939 - 2000) | ||
| 300 | _a107 с. | ||
| 955 | _a1 | ||
| 041 | _apol | ||
| 080 | _a908(477.1) | ||
| 260 |
_aOstrog _c2001 |
||
| 650 | 7 | _2UDC | |
| 999 |
_c350584 _d350584 |
||